00000000nam 2200000zi 4500
0019.947234
003CaOODSP
00520250324131008
006m     o  d f      
007cr |n|||||||||
008250122t19751975onc     o    f000 0 fre d
040 |aCaOODSP|bfre|erda|cCaOODSP
043 |an-cn---
0861 |aF2-37/1975F-PDF|zF2-37/1975
1001 |aTurner, John N.,|d1929- |eauteur.
24510|aVers un système de paiements électronique / |cprésenté par John N. Turner et Gérard Pelletier.
264 1|a[Ottawa] : |bGouvernement du Canada = Government of Canada, |c[1975]
264 4|c©1975
300 |a1 ressource en ligne (27 pages)
336 |atexte|btxt|2rdacontent/fre
337 |ainformatique|bc|2rdamedia/fre
338 |aressource en ligne|bcr|2rdacarrier/fre
500 |aÉdition numérisée de l'imprimé [par Innovation, Sciences et Développement économique Canada].
500 |aPublié aussi en anglais sous le titre : Towards an electronic payments system.
650 6|aTransferts électroniques de fonds|zCanada.
650 6|aMonnaie électronique|zCanada.
650 6|aBanques|zCanada|xAutomatisation.
650 6|aPaiement|zCanada.
650 6|aCartes de crédit|zCanada.
7101 |aCanada. |bMinistère des communications, |eorganisme de publication.
7101 |aCanada. |bMinistère des finances, |eorganisme de publication.
77508|tTowards an electronic payments system / |w(CaOODSP)9.947232
85640|qPDF|s1.44 Mo|uhttps://publications.gc.ca/collections/collection_2025/isde-ised/F2-37-1975-fra.pdf